| 000 | 00398nam a22001337a 4500 | ||
|---|---|---|---|
| 082 |
_aP-319 _cD |
||
| 100 |
_aAwais _947614 |
||
| 245 |
_aConstruction planning and management of satpara dam hydro power project using p III Prima Vera Project Planner _cAwais, Tamoor |
||
| 260 |
_aNust MCE _bMCE _c10/9/2006 |
||
| 300 |
_aD _c40cm. |
||
| 526 |
_a0 _b0 _c0 _dP_319 |
||
| 650 | _aProject | ||
| 942 |
_2ddc _cBK |
||
| 999 |
_c550801 _d550801 |
||